000
00314nam a2200145Ia 4500
100
_a
Isermann/ Ref
490
_v
1
942
_c
BK
654
_a
Digital Control System
245
_a
Digital Control System
260
_b
Narosa Pub House
_a
New Delhi
_c
1993
082
_a
4.16
546
_a
ENGLISH
999
_c
18479
_d
18479